[Event "USCL Baltimore vs Tennessee"]
[Site "Internet Chess Club"]
[Date "2007.10.03"]
[Round "6"]
[White "Andrews, Todd"]
[Black "Kaufman, Larry"]
[Result "1-0"]
[WhiteElo "2337"]
[BlackElo "2406"]
[PlyCount "155"]
[EventDate "2007.??.??"]

1. e4 e5 2. Nf3 Nc6 3. Bb5 a6 4. Ba4 Nf6 5. O-O Be7 6. Re1 b5 7. Bb3 d6 8. c3
O-O 9. h3 Na5 10. Bc2 c5 11. d4 Qc7 12. Nbd2 Nc6 13. d5 Nd8 14. Nf1 Ne8 15. g4
g6 16. Ng3 f6 17. Nh2 Nf7 18. Kg2 Ng7 19. Bd2 Bd7 20. Qf3 Kh8 21. Rh1 Rg8 22.
Nhf1 Raf8 23. Ne3 Qc8 24. Rag1 h5 25. Kf1 h4 26. Ngf5 gxf5 27. gxf5 Ng5 28. Qg4
Qe8 29. Bd1 Qh5 30. Qxh5+ Nxh5 31. Bxh5 Nxe4 32. Bc1 Rxg1+ 33. Rxg1 Rg8 34. Bg6
Ng5 35. Rg4 Kg7 36. Rxh4 Rh8 37. Rxh8 Kxh8 38. Kg2 c4 39. f3 Kg7 40. Ng4 Nf7
41. h4 Nd8 42. Bh6+ Kh8 43. Be3 Bc8 44. Bb6 Bb7 45. Ne3 Kg7 46. Kg3 Nf7 47. b3
cxb3 48. axb3 Bd8 49. Bxd8 Nxd8 50. c4 bxc4 51. bxc4 a5 52. Be8 Ba6 53. Bb5
Bxb5 54. cxb5 a4 55. Nc4 Nb7 56. f4 e4 57. Kf2 Kh6 58. Ke3 Nc5 59. b6 Kh5 60.
Kd4 Kxh4 61. Nxd6 a3 62. Kxc5 a2 63. b7 a1=Q 64. b8=Q e3 65. Qh8+ Kg4 66. Qh2
Qa3+ 67. Kc6 Qa6+ 68. Kd7 e2 69. Qg2+ Kxf4 70. Qe4+ Kg3 71. Qe3+ Kg2 72. Ne4
Qb5+ 73. Ke6 Qe8+ 74. Kxf6 Qh8+ 75. Kg5 Qg7+ 76. Kh4 Qh7+ 77. Kg4 Qg6+ 78. fxg6
1-0

[Event "USCL Miami vs Queens"]
[Site "Internet Chess Club"]
[Date "2007.10.03"]
[Round "6"]
[White "Vovsha, Eli"]
[Black "Martinez, Marcel"]
[Result "1/2-1/2"]
[WhiteElo "2495"]
[BlackElo "2462"]
[PlyCount "118"]
[EventDate "2007.??.??"]

1. e4 e5 2. Nf3 Nc6 3. d4 exd4 4. Nxd4 Nf6 5. Nxc6 bxc6 6. e5 Qe7 7. Qe2 Nd5 8.
c4 Nb6 9. Nc3 Qe6 10. Qe4 Ba6 11. b3 Bb4 12. Bd2 Bxc3 13. Bxc3 d5 14. Qh4 dxc4
15. Be2 Nd5 16. Bxc4 g5 17. Qd4 Bxc4 18. Qxc4 O-O-O 19. O-O-O Kb7 20. f3 Nf4
21. g3 Qxc4 22. bxc4 Ne6 23. Kc2 Kb6 24. f4 gxf4 25. gxf4 Kc5 26. f5 Nd4+ 27.
Bxd4+ Rxd4 28. Rxd4 Kxd4 29. Rd1+ Kxe5 30. Rd7 f6 31. Rxc7 Kxf5 32. Kd3 h5 33.
Rxa7 Rd8+ 34. Ke3 Rd1 35. Rc7 Ra1 36. Rxc6 Rxa2 37. Rc5+ Kg6 38. Rd5 Rxh2 39.
c5 Ra2 40. Kf4 Ra4+ 41. Kg3 Rc4 42. Kh3 f5 43. Rd6+ Kg5 44. Rc6 Rc3+ 45. Kg2
Kg4 46. Rg6+ Kf4 47. c6 Rc2+ 48. Kh3 Ke3 49. Re6+ Kf3 50. Kh4 f4 51. Kxh5 Kg3
52. Rg6+ Kh3 53. Rf6 Kg3 54. Rg6+ Kf2 55. Kg4 Rc4 56. Rf6 f3+ 57. Rf4 Rc3 58.
c7 Kg2 59. Rxf3 Rxc7 1/2-1/2

[Event "USCL Baltimore vs Tennessee"]
[Site "Internet Chess Club"]
[Date "2007.10.03"]
[Round "6"]
[White "Enkhbat, Tegshsuren"]
[Black "Burnett, Ron"]
[Result "1/2-1/2"]
[WhiteElo "2397"]
[BlackElo "2407"]
[PlyCount "107"]
[EventDate "2007.??.??"]

1. d4 Nf6 2. Nf3 e6 3. c4 b6 4. g3 Bb7 5. Bg2 Be7 6. Nc3 Ne4 7. Bd2 O-O 8. d5
f5 9. Qc2 Na6 10. Nxe4 fxe4 11. Qxe4 Nc5 12. Qc2 exd5 13. cxd5 Bf6 14. O-O Qe7
15. Bb4 Rae8 16. Rfe1 Bxd5 17. Ng5 Bxg5 18. Bxd5+ Kh8 19. Rad1 a5 20. Bxc5 Qxc5
21. Qxc5 bxc5 22. Bc4 d6 23. b3 Bf6 24. e3 g6 25. h4 Kg7 26. Kg2 Rd8 27. Bd5
Rb8 28. f4 h6 29. Rh1 Rfe8 30. Kf3 Rb6 31. Be4 Rb4 32. Bc6 Rf8 33. Rc1 Be7 34.
Rhd1 Rfb8 35. e4 Bf6 36. e5 Be7 37. exd6 Bxd6 38. Re1 g5 39. hxg5 hxg5 40. Re4
gxf4 41. gxf4 Rh8 42. Rg1+ Kf6 43. Bd5 Rh3+ 44. Kg4 Rxe4 45. Bxe4 Re3 46. Bf3
Re7 47. Kg3 Kf5 48. Bg4+ Ke4 49. Re1+ Kd4 50. Rxe7 Bxe7 51. Be6 Ke4 52. Kg4 Bd6
53. f5 Be7 54. a4 1/2-1/2

[Event "USCL Baltimore vs Tennessee"]
[Site "Internet Chess Club"]
[Date "2007.10.03"]
[Round "6"]
[White "Larson, Gerald"]
[Black "Batsettseg, Tsagaan"]
[Result "0-1"]
[WhiteElo "2120"]
[BlackElo "2234"]
[PlyCount "104"]
[EventDate "2007.??.??"]

1. e4 c5 2. Nf3 Nc6 3. d4 cxd4 4. Nxd4 g6 5. c4 Nf6 6. Nc3 Nxd4 7. Qxd4 Bg7 8.
Be3 O-O 9. Qd2 d6 10. Be2 Be6 11. Rb1 Qc7 12. b3 a6 13. O-O Rfc8 14. Rfc1 Qa5
15. f3 Nd7 16. b4 Qd8 17. Nd5 a5 18. bxa5 Bxd5 19. cxd5 Rxc1+ 20. Rxc1 Rxa5 21.
Rc8 Qxc8 22. Qxa5 h5 23. f4 Kh7 24. Bf3 b6 25. Qd2 Qc4 26. Qe2 Qc3 27. h3 b5
28. Kh2 b4 29. Bf2 Bh6 30. g3 h4 31. Bg4 Nc5 32. e5 Nd3 33. exd6 exd6 34. f5
Ne5 35. fxg6+ fxg6 36. gxh4 Bf4+ 37. Kg2 Kh6 38. h5 gxh5 39. Bxh5 Qd3 40. Bf3
Qg6+ 41. Bg4 Qb1 42. Be3 Qe4+ 43. Kf2 Nd3+ 44. Qxd3 Qxd3 45. Bxf4+ Kg6 46. Bxd6
Qxd5 47. Bf4 Qxa2+ 48. Kg3 b3 49. h4 b2 50. h5+ Kf6 51. h6 b1=Q 52. h7 Qxh7 0-1

[Event "USCL Miami vs Queens"]
[Site "Internet Chess Club"]
[Date "2007.10.03"]
[Round "6"]
[White "Bierkens, Peter"]
[Black "Socorregut, Roberto"]
[Result "1/2-1/2"]
[WhiteElo "2200"]
[BlackElo "2178"]
[PlyCount "100"]
[EventDate "2007.??.??"]

1. e4 c5 2. Nc3 d6 3. g3 Nc6 4. Bg2 g6 5. d3 Bg7 6. Nh3 h6 7. O-O e6 8. f4 Nge7
9. g4 h5 10. gxh5 Rxh5 11. Ne2 Qc7 12. c3 Bd7 13. Be3 O-O-O 14. Ng3 Rh4 15. Ng5
f6 16. Nf3 Rh7 17. d4 cxd4 18. cxd4 d5 19. e5 Kb8 20. Rc1 Nf5 21. Nxf5 gxf5 22.
Qd2 Rg8 23. b4 Qd8 24. a4 Ne7 25. exf6 Bxf6 26. Ng5 Bxg5 27. fxg5 Ng6 28. b5
Ka8 29. Rc5 Rgh8 30. h3 Nh4 31. Bh1 Ng6 32. Bg2 e5 33. dxe5 f4 34. Qxd5 Qb8 35.
Bxf4 Bxh3 36. Bg3 Bxg2 37. Kxg2 Nh4+ 38. Bxh4 Rxh4 39. Rfc1 Rg4+ 40. Kf3 Rxg5
41. Qd6 Qg8 42. Rc8+ Qxc8 43. Rxc8+ Rxc8 44. a5 Re8 45. Kf4 Rgxe5 46. Qxe5 Rxe5
47. Kxe5 Kb8 48. Kd6 Kc8 49. Ke6 Kc7 50. Ke7 Kc8 1/2-1/2

[Event "USCL Dallas vs Philadelphia"]
[Site "Internet Chess Club"]
[Date "2007.10.03"]
[Round "6"]
[White "Wilson, Elvin"]
[Black "Zorigt, Bayaraa"]
[Result "1/2-1/2"]
[WhiteElo "2240"]
[BlackElo "2207"]
[PlyCount "188"]
[EventDate "2007.??.??"]

1. d4 Nf6 2. Nf3 e6 3. c4 b6 4. e3 Bb7 5. Bd3 Bb4+ 6. Nbd2 O-O 7. O-O d5 8.
cxd5 exd5 9. a3 Bd6 10. b4 Nbd7 11. Bb2 Ne4 12. Qe2 Re8 13. Rfc1 a6 14. Nf1 g6
15. Ne1 Qe7 16. Nc2 Qh4 17. f3 Ng5 18. Qf2 Qh6 19. b5 axb5 20. Bxb5 c6 21. Be2
Qf8 22. a4 Qe7 23. Bc3 Qd8 24. Bd3 Ra7 25. Qd2 c5 26. Bb5 Ne6 27. Rcb1 Bc7 28.
Re1 f5 29. Rad1 Rf8 30. Bb2 Nf6 31. Qc3 c4 32. Ba3 Bd6 33. Bb2 Nc7 34. Nd2 Nxb5
35. axb5 Qc7 36. Nf1 Ra5 37. Ba3 Rxb5 38. Bxd6 Qxd6 39. Rb1 Ra5 40. Rb4 Rfa8
41. Reb1 Nd7 42. Rb5 Rxb5 43. Rxb5 Bc6 44. Rb1 Bb7 45. Nd2 Qe6 46. Kf2 Bc6 47.
Nb4 Bb7 48. Nf1 Nf6 49. Ng3 g5 50. Ne2 Re8 51. Rb2 Ra8 52. Qd2 h6 53. Nc3 Qd6
54. Kg1 Ra1+ 55. Rb1 Rxb1+ 56. Nxb1 Qb8 57. Nc3 Qa7 58. Qb2 Qa5 59. Kf2 Qa7 60.
Qb1 Qa3 61. Qxf5 Qb2+ 62. Ne2 Kg7 63. Nc2 Ba6 64. Ne1 Qb4 65. Qe5 Kg6 66. g4 c3
67. Qf5+ Kg7 68. Nd3 Qb1 69. Ne5 Qxf5 70. gxf5 c2 71. Nc1 Bc8 72. Ke2 Bxf5 73.
Kd2 h5 74. Ncd3 Bxd3 75. Nxd3 g4 76. fxg4 Nxg4 77. h3 c1=Q+ 78. Nxc1 Nf2 79. h4
Kg6 80. Ne2 Ne4+ 81. Kd3 Kf5 82. Nf4 Nf6 83. Nxd5 Nxd5 84. e4+ Ke6 85. exd5+
Kxd5 86. Kc3 b5 87. Kb4 Kxd4 88. Kxb5 Ke4 89. Kc4 Kf4 90. Kd4 Kg4 91. Ke4 Kxh4
92. Kf4 Kh3 93. Kf3 Kh2 94. Kf2 h4 1/2-1/2

[Event "USCL New York vs Seattle"]
[Site "Internet Chess Club"]
[Date "2007.10.03"]
[Round "6"]
[White "Sinanan, Joshua"]
[Black "Zenyuk, Iryna"]
[Result "1/2-1/2"]
[WhiteElo "2191"]
[BlackElo "2185"]
[PlyCount "61"]
[EventDate "2007.??.??"]

1. Nf3 Nf6 2. c4 g6 3. Nc3 Bg7 4. g3 d6 5. Bg2 O-O 6. O-O Nc6 7. d4 a6 8. Qc2
Rb8 9. Rd1 Bg4 10. h3 Bd7 11. Kh2 b5 12. cxb5 axb5 13. e4 b4 14. Ne2 b3 15.
axb3 Nb4 16. Qb1 d5 17. Ne5 Nxe4 18. Nxd7 Qxd7 19. Bxe4 dxe4 20. Qxe4 Qd5 21.
Qxd5 Nxd5 22. Rd3 Rb6 23. Nf4 Nb4 24. Rc3 Bxd4 25. Rxc7 e5 26. Ne2 Nd5 27. Rd7
Nf6 28. Rc7 Nd5 29. Rd7 Nf6 30. Rc7 Nd5 31. Rd7 1/2-1/2

[Event "USCL New York vs Seattle"]
[Site "Internet Chess Club"]
[Date "2007.10.03"]
[Round "6"]
[White "Orlov, Georgi"]
[Black "Krush, Irina"]
[Result "0-1"]
[WhiteElo "2574"]
[BlackElo "2512"]
[PlyCount "60"]
[EventDate "2007.??.??"]

1. e4 c5 2. Nf3 Nc6 3. Bb5 g6 4. O-O Bg7 5. Bxc6 dxc6 6. h3 e5 7. d3 Qe7 8. b4
cxb4 9. a3 b3 10. cxb3 Nf6 11. Bb2 Nh5 12. Nbd2 O-O 13. Nc4 f6 14. d4 exd4 15.
Bxd4 Nf4 16. Qc2 b6 17. Be3 Ne6 18. Rad1 Ba6 19. Rfe1 Rad8 20. e5 c5 21. exf6
Qxf6 22. Nce5 Nf4 23. Qe4 Rxd1 24. Rxd1 Ne2+ 25. Kh1 Nc3 26. Qc2 Nxd1 27. Qxd1
Rd8 28. Qe1 Qd6 29. Qc3 Rf8 30. Bg5 Rf5 0-1

[Event "USCL New York vs Seattle"]
[Site "Internet Chess Club"]
[Date "2007.10.03"]
[Round "6"]
[White "Bonin, Jay"]
[Black "Readey, John"]
[Result "1-0"]
[WhiteElo "2360"]
[BlackElo "2312"]
[PlyCount "73"]
[EventDate "2007.??.??"]

1. d4 d6 2. e4 Nf6 3. Nc3 g6 4. h3 Bg7 5. g3 O-O 6. Bg2 e5 7. Nge2 c6 8. a4 Na6
9. O-O Re8 10. Be3 Nb4 11. a5 exd4 12. Bxd4 Bd7 13. g4 c5 14. Be3 Bc6 15. Ng3
Qe7 16. Bf4 Rad8 17. g5 Nd7 18. Qxd6 Nxc2 19. Qxe7 Rxe7 20. Rad1 Nd4 21. Nd5
Bxd5 22. exd5 Ne5 23. Bxe5 Rxe5 24. b4 Bf8 25. bxc5 Bxc5 26. Ne4 Ne2+ 27. Kh1
Be7 28. h4 Nf4 29. d6 Bf8 30. Rfe1 Kg7 31. d7 Bb4 32. Re3 Bxa5 33. Nd6 Rxe3 34.
fxe3 Nxg2 35. Kxg2 Rb8 36. Rc1 b5 37. Rc8 1-0

[Event "USCL New York vs Queens"]
[Site "Internet Chess Club"]
[Date "2007.10.15"]
[Round "8"]
[White "Arnold, Marc"]
[Black "Kleiman, Jake"]
[Result "1-0"]
[WhiteElo "2360"]
[BlackElo "2389"]
[PlyCount "105"]
[EventDate "2007.??.??"]

1. d4 d5 2. c4 c6 3. Nf3 Nf6 4. e3 Bg4 5. Nc3 e6 6. Qb3 Qc7 7. Ne5 Bf5 8. Bd2
Nbd7 9. cxd5 exd5 10. Rc1 Qb6 11. Qxb6 axb6 12. Nxd7 Kxd7 13. f3 h5 14. Kf2 Bd6
15. Be2 b5 16. a3 Bc7 17. g3 Bg6 18. h3 Ne8 19. e4 dxe4 20. Nxe4 Bxe4 21. fxe4
Nd6 22. Bd3 Bb6 23. Bc3 Ra4 24. Ke3 Re8 25. Bc2 Nxe4 26. Bxe4 f5 27. Kf4 fxe4
28. g4 Bc7+ 29. Kg5 hxg4 30. hxg4 Bd6 31. Rh3 Re6 32. Rd1 Be7+ 33. Kf4 g5+ 34.
Ke3 Kd6 35. Rf1 Rf6 36. Rxf6+ Bxf6 37. Rh6 Ke7 38. Rh7+ Ke6 39. Rxb7 Kd5 40.
Rf7 Ke6 41. Rf8 Ke7 42. Rb8 Rc4 43. Kxe4 c5 44. Rxb5 cxd4 45. Rb4 Rc6 46. Bxd4
Bxd4 47. Kxd4 Rc2 48. Kd5 Kd7 49. a4 Rc1 50. b3 Ra1 51. Rb7+ Kc8 52. Rg7 Rd1+
53. Kc4 1-0

[Event "USCL New York vs Queens"]
[Site "Internet Chess Club"]
[Date "2007.10.15"]
[Round "8"]
[White "Zhao, Parker"]
[Black "Zenyuk, Iryna"]
[Result "1/2-1/2"]
[WhiteElo "2227"]
[BlackElo "2185"]
[PlyCount "100"]
[EventDate "2007.??.??"]

1. e4 c5 2. Nf3 e6 3. d3 Nc6 4. g3 g6 5. Bg2 Bg7 6. O-O Nge7 7. Re1 d6 8. c3
O-O 9. Na3 e5 10. Nc2 b6 11. d4 exd4 12. cxd4 Bg4 13. Be3 Qd7 14. Qd2 Rac8 15.
Nh4 Bh3 16. Rad1 Bxg2 17. Kxg2 Na5 18. Na3 Qa4 19. Nf3 b5 20. dxc5 dxc5 21. Qd7
Nac6 22. Bxc5 Rfd8 23. b3 Qa6 24. Qg4 Bb2 25. Nc2 Qxa2 26. Rxd8+ Rxd8 27. Bxe7
Nxe7 28. Qg5 Nc6 29. Qxb5 Ne7 30. Qg5 Nc6 31. Nb4 f6 32. Nxa2 fxg5 33. Re2 Bf6
34. Rc2 Rd6 35. Nd2 Kf7 36. Nc4 Re6 37. Rd2 Ke7 38. f3 g4 39. fxg4 Rxe4 40. Nc1
Bg5 41. Re2 Re6 42. Rxe6+ Kxe6 43. Ne2 Kd5 44. Nc3+ Kd4 45. Nb5+ Kc5 46. Nc3
Kb4 47. Ne4 Bd8 48. Ncd2 Nd4 49. h4 Nxb3 50. Nxb3 Kxb3 1/2-1/2

[Event "USCL Carolina vs San Francisco"]
[Site "Internet Chess Club"]
[Date "2007.10.17"]
[Round "8"]
[White "Zaikov, Oleg"]
[Black "Donaldson, John"]
[Result "1/2-1/2"]
[WhiteElo "2369"]
[BlackElo "2458"]
[PlyCount "42"]
[EventDate "2007.??.??"]

1. d4 d5 2. c4 c6 3. Nf3 Nf6 4. e3 Bg4 5. Qb3 Qb6 6. Ne5 Bf5 7. cxd5 Qxb3 8.
axb3 cxd5 9. b4 e6 10. b5 Nbd7 11. Nxd7 Kxd7 12. Nc3 Ne4 13. Nxe4 Bxe4 14. Bd2
Bd6 15. Bc3 Bc2 16. Kd2 Bb3 17. Bd3 Rhc8 18. Ra5 b6 19. Ra6 Kc7 20. h4 h5 21.
Rg1 Kb7 1/2-1/2

[Event "USCL New Jersey vs Boston"]
[Site "Internet Chess Club"]
[Date "2007.10.17"]
[Round "8"]
[White "Ju, Evan"]
[Black "Shmelov, Denys"]
[Result "1/2-1/2"]
[WhiteElo "2303"]
[BlackElo "2391"]
[PlyCount "77"]
[EventDate "2007.??.??"]

1. e4 c5 2. Nf3 e6 3. d4 cxd4 4. Nxd4 Nc6 5. Nc3 Qc7 6. g3 a6 7. Bg2 d6 8. O-O
Bd7 9. Nb3 Nf6 10. f4 Be7 11. g4 h6 12. Qe2 Rc8 13. Be3 b5 14. Rae1 b4 15. Nd1
Na5 16. Nd4 Nc4 17. Bf2 h5 18. h3 hxg4 19. hxg4 d5 20. e5 Ne4 21. Bxe4 dxe4 22.
b3 Na3 23. Qxa6 Bc5 24. c4 O-O 25. Nb5 Nxb5 26. cxb5 Rb8 27. Bxc5 Qxc5+ 28. Rf2
Bxb5 29. Qd6 Qxd6 30. exd6 f5 31. Ne3 Rbd8 32. Rd1 Bd3 33. Nc4 fxg4 34. Kg2 Rf5
35. Kg3 Rd5 36. Rfd2 Rc5 37. Kxg4 Bxc4 38. bxc4 Rxc4 39. Rd4 1/2-1/2

[Event "USCL Carolina vs San Francisco"]
[Site "Internet Chess Club"]
[Date "2007.10.17"]
[Round "8"]
[White "Shankland, Sam"]
[Black "Jones, Craig"]
[Result "1-0"]
[WhiteElo "2211"]
[BlackElo "2323"]
[PlyCount "65"]
[EventDate "2007.??.??"]

1. e4 e6 2. d4 d5 3. Nc3 Nf6 4. e5 Nfd7 5. f4 c5 6. Nf3 Nc6 7. Be3 cxd4 8. Nxd4
Bc5 9. Qd2 O-O 10. O-O-O a6 11. Nb3 b6 12. Na4 Bxe3 13. Qxe3 Qc7 14. Bd3 b5 15.
Nac5 Na5 16. Kb1 Nc4 17. Qh3 g6 18. Nxd7 Bxd7 19. Qh6 Rfc8 20. h4 Qd8 21. h5
Qf8 22. hxg6 Qxh6 23. Rxh6 hxg6 24. Rdh1 Kf8 25. Bxg6 Be8 26. Rh8+ Ke7 27. R1h7
Ne3 28. Nd4 Nxg2 29. Rxe8+ Rxe8 30. Bxf7 Kf8 31. Nxe6+ Ke7 32. Bxe8+ Kxe6 33.
Bd7# 1-0

[Event "USCL Baltimore vs Philadelphia"]
[Site "Internet Chess Club"]
[Date "2007.10.17"]
[Round "8"]
[White "Smith, Bryan"]
[Black "Enkhbat, Tegshsuren"]
[Result "1-0"]
[WhiteElo "2442"]
[BlackElo "2397"]
[PlyCount "63"]
[EventDate "2007.??.??"]

1. e4 c6 2. d4 d5 3. f3 e6 4. Nc3 Bb4 5. Bf4 Ne7 6. Qd3 b6 7. Nge2 Ba6 8. Qe3
O-O 9. O-O-O c5 10. a3 Bxc3 11. Qxc3 Bxe2 12. Bxe2 c4 13. h4 Nbc6 14. h5 b5 15.
Qe1 Qd7 16. Qg3 f6 17. Bd6 Rf7 18. Bc5 a5 19. Qd6 Qc8 20. exd5 Nxd5 21. a4 Ncb4
22. axb5 c3 23. Bc4 cxb2+ 24. Kxb2 Rb8 25. Bb3 Rxb5 26. c4 Rb8 27. cxd5 Nxd5
28. Ka3 Qb7 29. Rb1 Nc3 30. Qxe6 Nb5+ 31. Ka2 Nc3+ 32. Ka1 1-0

[Event "USCL Baltimore vs Philadelphia"]
[Site "Internet Chess Club"]
[Date "2007.10.17"]
[Round "8"]
[White "Wilson, Elvin"]
[Black "Battsetseg, Tsagaan"]
[Result "1-0"]
[WhiteElo "2240"]
[BlackElo "2234"]
[PlyCount "77"]
[EventDate "2007.??.??"]

1. d4 Nf6 2. Nf3 g6 3. c4 Bg7 4. Nc3 d6 5. e4 O-O 6. h3 e5 7. d5 Na6 8. Bg5 c6
9. Nd2 h6 10. Be3 Ne8 11. g4 Kh7 12. Bd3 Bd7 13. h4 Nc5 14. Be2 a5 15. h5 g5
16. Kf1 Nc7 17. Kg2 Qb8 18. Qc2 Rc8 19. Rhc1 cxd5 20. exd5+ Kg8 21. Bxc5 dxc5
22. Nde4 Ne8 23. Qd1 Ra6 24. Bd3 Nf6 25. f3 Nxe4 26. Bxe4 f5 27. Bxf5 Bxf5 28.
gxf5 Rf6 29. Ne4 Rxf5 30. d6 Rcf8 31. Qd5+ Kh8 32. Rc3 b6 33. Rd1 Qd8 34. d7
R5f7 35. Qc6 g4 36. fxg4 Qh4 37. Rg3 Rf3 38. Rxf3 Qxg4+ 39. Ng3 1-0

[Event "USCL Carolina vs San Francisco"]
[Site "Internet Chess Club"]
[Date "2007.10.17"]
[Round "8"]
[White "Milman, Lev"]
[Black "Bhat, Vinay"]
[Result "0-1"]
[WhiteElo "2531"]
[BlackElo "2465"]
[PlyCount "74"]
[EventDate "2007.??.??"]

1. e4 e5 2. Nf3 Nc6 3. Bb5 a6 4. Ba4 Nf6 5. O-O Be7 6. Re1 b5 7. Bb3 d6 8. c3
O-O 9. h3 Na5 10. Bc2 c5 11. d4 Nd7 12. Nbd2 exd4 13. cxd4 Nc6 14. d5 Nce5 15.
a4 Rb8 16. axb5 axb5 17. Nxe5 Nxe5 18. f4 Ng6 19. Nf3 Bh4 20. Rf1 Bg3 21. f5
Ne5 22. Ng5 Nd7 23. Nxh7 Kxh7 24. f6 g6 25. Qd2 Kg8 26. Qh6 Nxf6 27. Bg5 Be5
28. Ra3 c4 29. Kh1 Rb7 30. Raf3 Ng4 31. hxg4 f6 32. Bh4 g5 33. Rh3 Rh7 34. Qg6+
Rg7 35. Qh6 Bxg4 36. Be1 Bxh3 37. gxh3 Qe8 0-1

[Event "USCL Miami vs Tennessee"]
[Site "Internet Chess Club"]
[Date "2007.10.17"]
[Round "8"]
[White "Wu, James"]
[Black "Barredo, Luis"]
[Result "0-1"]
[WhiteElo "2066"]
[BlackElo "2160"]
[PlyCount "86"]
[EventDate "2007.??.??"]

1. e4 e6 2. d4 d5 3. Nc3 Bb4 4. e5 c5 5. a3 Bxc3+ 6. bxc3 Ne7 7. Qg4 Kf8 8. Ne2
Qa5 9. Bd2 Qa4 10. Kd1 Nbc6 11. Qf4 b6 12. Nc1 Ba6 13. Nb3 Bc4 14. Bxc4 Ng6 15.
Qe3 Qxc4 16. dxc5 Ngxe5 17. cxb6 axb6 18. h3 Ke7 19. f4 Nd7 20. Nd4 Nxd4 21.
cxd4 Rhc8 22. Rc1 Kf8 23. Bb4+ Kg8 24. Qd3 Nf6 25. Qxc4 Rxc4 26. c3 Ne4 27. Kc2
Rac8 28. Kb2 Nf2 29. g4 Nd3+ 30. Kb3 Nxc1+ 31. Rxc1 Rxd4 32. cxd4 Rxc1 33. Ka4
Rc4 34. Kb5 Rxd4 35. Kxb6 Rxb4+ 36. axb4 d4 37. Kc7 d3 38. b5 d2 39. b6 d1=Q
40. b7 Qc2+ 41. Kd8 Qb3 42. Kc8 Qc4+ 43. Kd8 Qxf4 0-1

[Event "USCL Miami vs Tennessee"]
[Site "Internet Chess Club"]
[Date "2007.10.17"]
[Round "8"]
[White "Espino, Miguel"]
[Black "Bick, John"]
[Result "0-1"]
[WhiteElo "2307"]
[BlackElo "2266"]
[PlyCount "114"]
[EventDate "2007.??.??"]

1. d4 Nf6 2. c4 e6 3. Nc3 Bb4 4. Qc2 d5 5. e3 O-O 6. a3 Bxc3+ 7. bxc3 b6 8.
cxd5 exd5 9. Bd3 c5 10. Ne2 c4 11. Bf5 Bxf5 12. Qxf5 Nc6 13. O-O Na5 14. Ng3
Re8 15. Ra2 Nb3 16. Qb1 Ne4 17. Nxe4 dxe4 18. f3 Qd5 19. Raf2 f6 20. fxe4 Qxe4
21. Qxe4 Rxe4 22. Rf4 Rae8 23. Rxe4 Rxe4 24. Kf2 Kf7 25. a4 Rh4 26. h3 Rh5 27.
e4 Ra5 28. Bf4 Rxa4 29. Ke3 Ra2 30. e5 Rxg2 31. d5 Rd2 32. exf6 Rxd5 33. fxg7
Kxg7 34. Ke4 Rd7 35. Be5+ Kg8 36. Rg1+ Kf8 37. Rf1+ Ke8 38. Rg1 Nc5+ 39. Kf5
Rf7+ 40. Kg5 Kd7 41. Kh6 a5 42. Rd1+ Kc6 43. Rd8 a4 44. Rc8+ Kb5 45. Bd4 Ra7
46. Bxc5 bxc5 47. Rb8+ Kc6 48. Kg5 a3 49. Rb1 Rb7 50. Ra1 Rb3 51. h4 Rxc3 52.
h5 Kb5 53. Rh1 a2 54. Kh6 Kb4 55. Kxh7 Rh3 56. Rxh3 a1=Q 57. Rg3 Qe5 0-1

[Event "USCL Miami vs Tennessee"]
[Site "Internet Chess Club"]
[Date "2007.10.17"]
[Round "8"]
[White "Andrews, Todd"]
[Black "Martinez, Marcel"]
[Result "1-0"]
[WhiteElo "2337"]
[BlackElo "2462"]
[PlyCount "105"]
[EventDate "2007.??.??"]

1. e4 e5 2. Nf3 Nc6 3. Bb5 a6 4. Ba4 Nf6 5. O-O Be7 6. Re1 b5 7. Bb3 d6 8. c3
O-O 9. h3 Na5 10. Bc2 c5 11. d4 Nd7 12. d5 Nb6 13. Nbd2 f5 14. exf5 Bxf5 15.
Bxf5 Rxf5 16. Ne4 Ra7 17. Qd3 Qf8 18. Bg5 c4 19. Qe3 Qb8 20. Rad1 Na4 21. Re2
Rb7 22. Bxe7 Rxe7 23. Nfg5 Nb7 24. Qg3 Qe8 25. Qh4 h6 26. Ne6 Nb6 27. Qg4 Qf7
28. Nd8 Nxd8 29. Nxd6 Rf6 30. Nxf7 Nxf7 31. Re3 Nd6 32. Rg3 Na4 33. b3 Nc5 34.
bxc4 bxc4 35. Rb1 Kh7 36. Rb6 Nce4 37. Rf3 Rg6 38. Qh4 Ng5 39. Rf8 Re8 40. Rxd6
Rxf8 41. Rxg6 Kxg6 42. Qxc4 Rf6 43. Qc8 Rb6 44. c4 Rb1+ 45. Kh2 Rb2 46. h4 Nh7
47. Qe8+ Kf5 48. Qe6+ Kf4 49. g3+ Ke4 50. Qg6+ Kd4 51. Qxh7 Rxf2+ 52. Kh3 e4
53. d6 1-0

[Event "USCL New Jersey vs Boston"]
[Site "Internet Chess Club"]
[Date "2007.10.17"]
[Round "8"]
[White "Sammour-Hasbun, Jorge"]
[Black "Ippolito, Dean"]
[Result "1-0"]
[WhiteElo "2576"]
[BlackElo "2433"]
[PlyCount "131"]
[EventDate "2007.??.??"]

1. e4 e5 2. d4 exd4 3. Nf3 Bb4+ 4. c3 dxc3 5. bxc3 Bc5 6. Bc4 d6 7. O-O Nc6 8.
Nbd2 Nf6 9. Nb3 Bb6 10. a4 a6 11. Bg5 h6 12. Bh4 Bg4 13. a5 Ba7 14. Nbd4 Ne5
15. Qb3 Nxc4 16. Qxc4 O-O 17. e5 dxe5 18. Nxe5 Bh5 19. Nf5 Kh7 20. g4 Bg6 21.
Rad1 Qe8 22. Bxf6 Bxf5 23. gxf5 Rg8 24. Nd7 gxf6+ 25. Kh1 Kh8 26. Qh4 Rg7 27.
Qxh6+ Rh7 28. Qxf6+ Rg7 29. Qh6+ Rh7 30. Qxh7+ Kxh7 31. Nf6+ Kg7 32. Nxe8+ Rxe8
33. Rfe1 Rh8 34. Re2 Bc5 35. Kg2 Kf6 36. Rd5 Bd6 37. h3 Rg8+ 38. Kf1 Rh8 39.
Re3 Rh4 40. Kg2 Rc4 41. Kf3 Rf4+ 42. Ke2 Ra4 43. Kd3 Rf4 44. Ke2 Ra4 45. Re8
Ra2+ 46. Kf1 Bf4 47. h4 Ra3 48. Re4 Bd6 49. Rc4 Ra1+ 50. Kg2 Re1 51. Rg4 Re8
52. c4 Bb4 53. Kf3 Re1 54. Kg2 Re8 55. Rg3 Bd6 56. Rb3 Re4 57. c5 Be5 58. Re3
Rxe3 59. fxe3 Bc3 60. c6 bxc6 61. Rc5 Bd2 62. Rxc6+ Kxf5 63. Rxc7 Kg4 64. Rc4+
Kh5 65. Kf3 Be1 66. Rc6 1-0

[Event "USCL New Jersey vs Boston"]
[Site "Internet Chess Club"]
[Date "2007.10.17"]
[Round "8"]
[White "Williams, Chris"]
[Black "Shen, Victor"]
[Result "0-1"]
[WhiteElo "2241"]
[BlackElo "2250"]
[PlyCount "144"]
[EventDate "2007.??.??"]

1. d4 Nf6 2. Nf3 e6 3. c4 Bb4+ 4. Bd2 Qe7 5. g3 O-O 6. Bg2 Nc6 7. Nc3 Bxc3 8.
Bxc3 Ne4 9. Rc1 d6 10. O-O Nxc3 11. Rxc3 a5 12. a3 a4 13. d5 Nd8 14. Qc2 Ra5
15. Ne1 b6 16. Nd3 e5 17. e4 Nb7 18. f4 Nc5 19. f5 f6 20. g4 Bd7 21. Kh1 Nxd3
22. Rxd3 Rc5 23. Rg1 g5 24. fxg6 hxg6 25. Rc3 Kg7 26. Bf1 Rh8 27. Qf2 g5 28.
Rgg3 Ra5 29. Be2 Raa8 30. Rh3 Raf8 31. Rcg3 Be8 32. Bd1 Bd7 33. Rh5 Be8 34. h4
Bg6 35. Qe3 gxh4 36. Rh3 Bxh5 37. gxh5 Rh7 38. Bg4 Kh8 39. Qf3 Rg8 40. Bf5 Qg7
41. Bg6 Rh6 42. Qf5 Qe7 43. Kg2 Rgxg6+ 44. hxg6 Qg7 45. Kf3 Qxg6 46. Qc8+ Kh7
47. Qxc7+ Qg7 48. Qxd6 f5 49. Qd8 Qg4+ 50. Kf2 Qxh3 51. Qe7+ Kg6 52. d6 Qg3+
53. Ke2 Qg2+ 54. Kd1 Qf3+ 55. Kd2 Qf2+ 56. Kc3 Qd4+ 57. Kb4 Qxb2+ 58. Kxa4 Qc2+
59. Kb4 Qd2+ 60. Kb3 Kh5 61. Qf7+ Kg4 62. Qxf5+ Kg3 63. Qxe5+ Kg2 64. Qg7+ Kf3
65. e5 h3 66. d7 h2 67. d8=Q Qxd8 68. Qxh6 Qd1+ 69. Kb4 h1=Q 70. Qc6+ Ke2 71.
Qxb6 Qb1+ 72. Ka5 Qa8+ 0-1

[Event "USCL Dallas vs Seattle"]
[Site "Internet Chess Club"]
[Date "2007.10.17"]
[Round "8"]
[White "Kiewra, Keaton"]
[Black "Mikhailuk, Slava"]
[Result "1-0"]
[WhiteElo "2326"]
[BlackElo "2433"]
[PlyCount "109"]
[EventDate "2007.??.??"]

1. e4 c5 2. Nf3 d6 3. d4 cxd4 4. Nxd4 Nf6 5. Nc3 Nc6 6. Bg5 Bd7 7. Qd2 Rc8 8.
f3 Nxd4 9. Qxd4 Qa5 10. Be3 a6 11. O-O-O e5 12. Qd2 Be6 13. Kb1 Rxc3 14. Qxc3
Qxa2+ 15. Kc1 Be7 16. Qc7 d5 17. Bb6 O-O 18. Qxe7 Qa1+ 19. Kd2 Qxb2 20. Bc5 Re8
21. Qc7 dxe4 22. Qb6 Qa2 23. Be2 exf3 24. gxf3 e4 25. Bd4 Nd5 26. Qb2 e3+ 27.
Kc1 Qxb2+ 28. Kxb2 Nf4 29. Rde1 Bd5 30. Rhg1 g6 31. Bd3 Nxd3+ 32. cxd3 e2 33.
f4 Bf3 34. Rg3 Bh5 35. Re3 Rxe3 36. Bxe3 Bf3 37. Kc3 Kf8 38. Bf2 Ke7 39. Kd4
Kd6 40. Rc1 Bg4 41. Be1 b6 42. Bb4+ Kd7 43. Ke5 a5 44. Be1 a4 45. Bb4 Bf5 46.
d4 b5 47. d5 Bd3 48. d6 Bc4 49. Kd4 f6 50. Ke3 g5 51. fxg5 fxg5 52. Kf2 Ke6 53.
Rc3 h5 54. Re3+ Kd7 55. Re7+ 1-0